[Event "Let's Play Chess!"]
[Site "http://www.queenalice.com/game.php?id=728386"]
[Date "2010.2.8"]
[Round "-"]
[White "rigler8"]
[Black "LeChacal"]
[Result "0-1"]
[WhiteElo "1122"]
[BlackElo "1200"]

1. e4 e6 2. e5 d6 3. f4 dxe5 4. fxe5 Qh4+ 5. g3 Qe4+ 6. Be2 Qxh1 7. Kf2 Qxh2+ 8.
Kf3 Bd7 9. Nc3 Bc6+ 10. Kg4 h5+ 11. Kf4 Qf2+ 12. Nf3 g5+ 13. Kxg5 Qxg3# 0-1

[Event "Let's Play Chess!"]
[Site "http://www.queenalice.com/game.php?id=728387"]
[Date "2010.2.8"]
[Round "-"]
[White "spawnwolfwolverine"]
[Black "LeChacal"]
[Result "0-1"]
[WhiteElo "1564"]
[BlackElo "1415"]

1. c4 e5 2. d3 Nf6 3. e4 Bc5 4. Bg5 O-O 5. Nc3 c6 6. a3 d5 7. Bxf6 Qxf6 8. Nf3
Bg4 9. Be2 Bxf3 10. Bxf3 d4 11. Ne2 Nd7 12. b4 Be7 13. O-O Qg5 14. Rb1 a5 15.
bxa5 Nc5 16. Ng3 Rxa5 17. Ra1 Rfa8 18. Qc1 Qxc1 19. Rfxc1 Nb3 20. Nf5 Bf8 21. a4
Nxc1 22. Rxc1 Rxa4 23. h3 g6 24. Ng3 Ra1 25. Rxa1 Rxa1+ 26. Kh2 b5 27. cxb5 cxb5
28. h4 b4 29. h5 b3 30. hxg6 b2 31. gxf7+ Kxf7 32. Nf5 b1=Q 33. Kg3 Qxd3 34. Kg4
Rf1 35. g3 h5+ 36. Kxh5 Qxf3+ 37. Kg5 Be7+ 38. Nxe7 Rh1 39. Ng6 Rh5# 0-1

[Event "Let's Play Chess!"]
[Site "http://www.queenalice.com/game.php?id=729092"]
[Date "2010.2.10"]
[Round "-"]
[White "basti822"]
[Black "LeChacal"]
[Result "0-1"]
[WhiteElo "1839"]
[BlackElo "1213"]

1. e4 e6 2. e5 d6 3. Nf3 Nc6 4. Bb5 dxe5 5. Nxe5 Qd5 6. Bxc6+ bxc6 7. d4 Qxg2 8.
Rf1 Ba6 9. Nd3 O-O-O 10. c3 Qe4+ 11. Qe2 Qxd3 12. Qxd3 Bxd3 13. Rg1 g6 14. Bf4
Bd6 15. Be3 f6 16. Nd2 a6 17. h4 Ne7 18. Rd1 Nf5 19. Nf3 Nxe3 20. Rxd3 Nd5 21.
a3 Kd7 22. c4 Nf4 23. Re3 c5 24. d5 exd5 25. cxd5 Rb8 26. b3 Nxd5 27. Rd3 Rhe8+
28. Kd1 c4 29. Rxd5 Rxb3 30. Rg4 Rxf3 31. Rxc4 c6 32. Rd2 Rxa3 33. Rcd4 Ra1+ 34.
Kc2 Ra2+ 35. Kc3 Rxd2 36. Rxd2 Kc7 0-1

[Event "Challenge"]
[Site "http://www.queenalice.com/game.php?id=729164"]
[Date "2010.2.10"]
[Round "-"]
[White "LeChacal"]
[Black "shatranj"]
[Result "1-0"]
[WhiteElo "1273"]
[BlackElo "1060"]

1. d4 d5 2. c4 Nf6 3. cxd5 Nxd5 4. e4 Nb4 5. Qa4+ N8c6 6. d5 Qd6 7. dxc6 e6 8.
cxb7+ Bd7 9. bxa8=Q+ Ke7 10. Qb3 Rg8 11. a3 Bc6 12. Qxa7 g6 13. Qxb4 Kf6 14.
Qxd6 Bxd6 15. Nc3 Ra8 16. Qe3 Ra5 17. Nf3 Bc5 18. Nd5+ exd5 19. Qc3+ Ke6 20.
Qxa5 Kd6 21. Bf4+ Kd7 22. Qxc7+ Ke8 23. Qxc6+ Kf8 24. Qxc5+ Kg7 25. Be5+ f6 26.
Qe7+ Kh6 27. Bf4+ g5 28. Qxf6+ Kh5 29. Qxg5# 1-0

[Event "Let's Play Chess!"]
[Site "http://www.queenalice.com/game.php?id=729166"]
[Date "2010.2.10"]
[Round "-"]
[White "PGeon"]
[Black "LeChacal"]
[Result "0-1"]
[WhiteElo "1594"]
[BlackElo "1136"]

1. g3 Nf6 2. Bg2 e5 3. c4 c6 4. e3 d5 5. b3 Be6 6. cxd5 cxd5 7. Nf3 Nc6 8. O-O
h6 9. Bb2 Bd6 10. d3 O-O 11. Nc3 Rc8 12. Nb5 Bb8 13. d4 e4 14. Nh4 g5 15. Ng6
fxg6 16. Nc3 Bg4 17. Qd2 Ne8 18. h3 Bf3 19. a4 Rf5 20. g4 Qd6 21. Ba3 Qh2# 0-1

[Event "Let's Play Chess!"]
[Site "http://www.queenalice.com/game.php?id=729167"]
[Date "2010.2.10"]
[Round "-"]
[White "PGeon"]
[Black "LeChacal"]
[Result "0-1"]
[WhiteElo "1564"]
[BlackElo "1166"]

1. e4 e6 2. d4 d5 3. e5 c5 4. Nf3 Nc6 5. Bb5 Qa5+ 6. Nc3 a6 7. Bxc6+ bxc6 8.
dxc5 Bxc5 9. O-O Ne7 10. a3 O-O 11. b4 Bxb4 12. Ne2 Bc5 13. Ng5 f6 14. Nxe6 Bxe6
15. exf6 Rxf6 16. Bg5 Rf7 17. Bxe7 Rxe7 18. a4 Bg4 19. Re1 Bxf2+ 20. Kxf2 Qc5+
21. Kg3 Qe3+ 22. Kxg4 Re4+ 23. Kf5 Rf8# 0-1

[Event "Let's Play Chess!"]
[Site "http://www.queenalice.com/game.php?id=729168"]
[Date "2010.2.10"]
[Round "-"]
[White "LeChacal"]
[Black "primael"]
[Result "1-0"]
[WhiteElo "1027"]
[BlackElo "1500"]

1. d4 Nc6 2. e4 Nf6 3. d5 Ne5 4. f4 Ng6 5. e5 Ne4 6. Qe2 f5 7. exf6 Nxf6 8. f5
Nf4 9. Bxf4 Nxd5 10. Qh5+ g6 11. fxg6 Nf6 12. g7+ Nxh5 13. gxh8=Q Nxf4 14. g3
Nd5 15. Qxh7 d6 16. Qh5+ Kd7 17. Qxd5 c6 18. Bh3+ Ke8 19. Qh5# 1-0

[Event "Let's Play Chess!"]
[Site "http://www.queenalice.com/game.php?id=729170"]
[Date "2010.2.10"]
[Round "-"]
[White "LeChacal"]
[Black "spawnwolfwolverine"]
[Result "1-0"]
[WhiteElo "1476"]
[BlackElo "1503"]

1. d4 d5 2. c4 dxc4 3. Nf3 e6 4. e3 b5 5. a4 c6 6. axb5 cxb5 7. b3 cxb3 8. Bxb5+
Bd7 9. Qxb3 Bxb5 10. Qxb5+ Qd7 11. Qe2 Bb4+ 12. Bd2 Bxd2+ 13. Nbxd2 Ne7 14. Ne5
Qd5 15. O-O O-O 16. Rfc1 Nbc6 17. Rc5 Qd6 18. Nxc6 Nxc6 19. Qa6 Rfc8 20. Rac1 g6
21. Rxc6 Rxc6 22. Rxc6 Qb4 23. Rc2 Qb6 24. Qxb6 axb6 25. Kf1 b5 26. Rc7 Rb8 27.
Ke2 b4 28. Nb3 h5 29. Kd3 g5 30. Rc5 f6 31. h4 Kg7 32. hxg5 fxg5 33. Rxg5+ Kh6
34. Re5 Rb6 35. e4 h4 36. f4 Kg6 37. Kc4 Rc6+ 38. Nc5 b3 39. Kxb3 Rxc5 40. dxc5
h3 41. gxh3 Kf6 42. c6 Ke7 43. Kb4 Kd6 44. Kb5 Kc7 45. Rxe6 Kc8 46. Kb6 Kd8 47.
e5 Kc8 48. Re8# 1-0

[Event "Let's Play Chess!"]
[Site "http://www.queenalice.com/game.php?id=729171"]
[Date "2010.2.10"]
[Round "-"]
[White "PGeon"]
[Black "LeChacal"]
[Result "0-1"]
[WhiteElo "1624"]
[BlackElo "1090"]

1. g3 d5 2. Bg2 e5 3. d3 Nf6 4. a3 Bd6 5. Nc3 c6 6. Nf3 O-O 7. O-O Re8 8. Re1
Qb6 9. b4 a5 10. Na4 Qa7 11. c3 axb4 12. axb4 Ng4 13. Rf1 b6 14. e4 b5 15. Nb2
Qxa1 16. Ng5 Nf6 17. exd5 cxd5 18. Re1 Bb7 19. d4 e4 20. Qg4 Nxg4 0-1

[Event "Let's Play Chess!"]
[Site "http://www.queenalice.com/game.php?id=738233"]
[Date "2010.2.27"]
[Round "-"]
[White "Slazenger"]
[Black "LeChacal"]
[Result "0-1"]
[WhiteElo "1702"]
[BlackElo "1340"]

1. e4 e6 2. Nf3 d5 3. d3 dxe4 4. dxe4 Qxd1+ 5. Kxd1 Nf6 6. Bd3 Ng4 7. Ke2 Bc5 8.
Be3 Nxe3 9. fxe3 Nc6 10. c3 Bd7 11. b4 Bd6 12. Bb5 a6 13. Bxc6 Bxc6 14. Nfd2
O-O-O 15. Rf1 f6 16. g3 e5 17. a3 Bd7 18. a4 Be7 19. Ra2 Be6 20. Rb2 Rhf8 21. b5
axb5 22. axb5 Bc5 23. c4 Bh3 24. Rc1 Bg4+ 25. Ke1 Bxe3 26. c5 f5 27. exf5 Rxf5
28. Ra2 Rd3 29. Ra8+ Kd7 30. c6+ bxc6 31. bxc6+ Ke6 32. Re8+ Kf7 33. Rc8 Bxd2+
34. Nxd2 Re3# 0-1

[Event "Let's Play Chess!"]
[Site "http://www.queenalice.com/game.php?id=738238"]
[Date "2010.2.27"]
[Round "-"]
[White "n90203"]
[Black "LeChacal"]
[Result "0-1"]
[WhiteElo "1499"]
[BlackElo "1317"]

1. d4 Nf6 2. d5 c6 3. dxc6 Nxc6 4. Qd3 d5 5. Nc3 d4 6. Nd1 e5 7. Bg5 Qa5+ 8. c3
e4 9. Qg3 Be7 10. b4 Nxb4 0-1

[Event "Let's Play Chess!"]
[Site "http://www.queenalice.com/game.php?id=738239"]
[Date "2010.2.27"]
[Round "-"]
[White "CountGrobula"]
[Black "LeChacal"]
[Result "1-0"]
[WhiteElo "1160"]
[BlackElo "1525"]

1. g4 d5 2. Bg2 Bxg4 3. c4 c6 4. cxd5 Nf6 5. Nc3 cxd5 6. Qb3 Qd7 7. d3 e6 8. Nf3
Nc6 9. Bg5 Bxf3 10. Bxf3 Nd4 11. Qa4 Qxa4 12. Nxa4 Nc2+ 13. Kd2 Nxa1 14. Rxa1
Bb4+ 15. Kd1 Ke7 16. a3 Bd6 17. Nc3 Bxh2 18. Kd2 Rac8 19. Nb5 a6 20. Nd4 h6 21.
Nb3 hxg5 22. Bg2 Ng4 23. Ke1 b6 24. f3 Bg3+ 25. Kd2 1-0

[Event "Let's Play Chess!"]
[Site "http://www.queenalice.com/game.php?id=738241"]
[Date "2010.2.27"]
[Round "-"]
[White "Taurus"]
[Black "LeChacal"]
[Result "1-0"]
[WhiteElo "2076"]
[BlackElo "1509"]

1. e4 e6 2. d4 d5 3. e5 c5 4. c3 Nc6 5. Nf3 Qb6 6. b3 cxd4 7. Nxd4 Bc5 8. Bb5
Ne7 9. Be3 Bd7 10. Nxc6 Bxe3 11. Nd4 Bxd4 12. Bxd7+ Kxd7 13. Qxd4 Qxd4 14. cxd4
Nc6 15. Na3 Nxd4 16. Kd2 f6 17. f4 fxe5 18. fxe5 Rac8 19. Rac1 1-0

[Event "Let's Play Chess!"]
[Site "http://www.queenalice.com/game.php?id=738242"]
[Date "2010.2.27"]
[Round "-"]
[White "spawnwolfwolverine"]
[Black "LeChacal"]
[Result "1-0"]
[WhiteElo "1520"]
[BlackElo "1525"]

1. c4 e5 2. d3 Bb4+ 3. Bd2 Bxd2+ 4. Qxd2 Nc6 5. e4 d6 6. Nf3 Nge7 7. Be2 Ng6 8.
O-O Nf4 9. Nc3 Bg4 10. Nd5 Nxe2+ 11. Qxe2 Nd4 12. Qd1 Nxf3+ 13. gxf3 Bh3 14. Kh1
c6 15. Ne3 Bxf1 16. Qxf1 g6 17. Qh3 Qa5 18. Qg3 Qd2 19. f4 O-O-O 20. fxe5 dxe5
21. a3 Qxb2 22. Rg1 Rxd3 23. h4 Rhd8 24. Rg2 Qe2 25. Kh2 f6 26. Kh3 Rxa3 27.
Qg4+ Qxg4+ 28. Rxg4 f5 29. exf5 gxf5 30. Rg7 f4 31. Kg4 fxe3 32. fxe3 Rxe3 33.
Rxh7 Rd4+ 34. Kf5 Rxc4 35. h5 Rh3 36. h6 1-0

[Event "Let's Play Chess!"]
[Site "http://www.queenalice.com/game.php?id=738244"]
[Date "2010.2.27"]
[Round "-"]
[White "LeChacal"]
[Black "spawnwolfwolverine"]
[Result "1-0"]
[WhiteElo "1493"]
[BlackElo "1486"]

1. d4 d5 2. c4 dxc4 3. Nf3 e6 4. e3 b5 5. a4 c6 6. axb5 cxb5 7. b3 cxb3 8. Bxb5+
Bd7 9. Qxb3 Bxb5 10. Qxb5+ Qd7 11. Nc3 Qxb5 12. Nxb5 Nc6 13. Nc7+ Kd7 14. Nxa8
Bb4+ 15. Bd2 Bxd2+ 16. Nxd2 Nge7 17. Nc4 Rxa8 18. Nb6+ Kc7 19. Nxa8+ Kd6 20. O-O
g5 21. Rfb1 Nd5 22. Rb7 f5 23. Rxh7 f4 24. Ra3 fxe3 25. fxe3 Nxe3 26. Rxe3 Nxd4
27. Rxa7 g4 28. Ra6+ Kd5 29. Nc7+ Kc4 30. Ra4+ Kc5 31. Rc3+ Kd6 32. Ne8+ Kd5 33.
Ra5+ Ke4 34. Nd6+ Kf4 35. g3# 1-0

[Event "Let's Play Chess!"]
[Site "http://www.queenalice.com/game.php?id=738245"]
[Date "2010.2.27"]
[Round "-"]
[White "LeChacal"]
[Black "Taurus"]
[Result "1-0"]
[WhiteElo "1385"]
[BlackElo "2099"]

1. d4 d5 2. c4 Nf6 3. cxd5 Nxd5 4. e4 Nf6 5. e5 Nd5 6. Bd3 e6 7. Nf3 Bb4+ 8. Bd2
Nc6 9. Nc3 O-O 10. a3 Ba5 11. Bxh7+ Kh8 12. Be4 g6 13. h4 Kg7 14. h5 Rh8 15.
Bxd5 exd5 16. Bg5 Qg8 17. h6+ 1-0

[Event "Let's Play Chess!"]
[Site "http://www.queenalice.com/game.php?id=738246"]
[Date "2010.2.27"]
[Round "-"]
[White "LeChacal"]
[Black "CountGrobula"]
[Result "0-1"]
[WhiteElo "1525"]
[BlackElo "1236"]

1. d4 d5 2. c4 dxc4 3. Nf3 Nf6 4. e3 Bf5 5. Bxc4 e6 6. Nc3 Bb4 7. Qa4+ Nc6 8.
Ne5 Bxc3+ 9. bxc3 Qd6 10. Bb5 O-O 11. Bxc6 bxc6 12. Ba3 Qd5 13. f3 Qb5 14. Qxb5
cxb5 15. Bxf8 Kxf8 16. e4 Bg6 17. a4 Ne8 18. Nxg6+ hxg6 19. axb5 Nd6 20. Ra5 Nc4
21. Ra4 Nb2 22. Ra6 Nc4 23. Rc6 Na3 24. c4 Nc2+ 25. Kd2 Nxd4 0-1

[Event "Let's Play Chess!"]
[Site "http://www.queenalice.com/game.php?id=738247"]
[Date "2010.2.27"]
[Round "-"]
[White "spawnwolfwolverine"]
[Black "LeChacal"]
[Result "0-1"]
[WhiteElo "1522"]
[BlackElo "1457"]

1. d4 Nf6 2. e3 d5 3. g3 e6 4. Bg2 Be7 5. Ne2 O-O 6. O-O Bd7 7. b3 c5 8. Bb2 Qc7
9. c3 Na6 10. dxc5 Nxc5 11. c4 dxc4 12. bxc4 Rad8 13. Nd2 Ba4 14. Qc1 Nd3 15.
Qb1 Nxf2 16. Rxf2 Rxd2 17. a3 Rd1+ 18. Qxd1 Bxd1 19. Rxd1 Ng4 20. Rf3 Qxc4 21.
Bf1 Bg5 22. Bd4 e5 23. Bxa7 Qa4 24. Bc5 Qxd1 25. Kg2 Rc8 26. Bb4 Rc2 27. h3
Rxe2+ 28. Bxe2 Qxe2+ 29. Rf2 Qxf2+ 30. Kh1 Qh2# 0-1

[Event "Let's Play Chess!"]
[Site "http://www.queenalice.com/game.php?id=738248"]
[Date "2010.2.27"]
[Round "-"]
[White "LeChacal"]
[Black "spawnwolfwolverine"]
[Result "1-0"]
[WhiteElo "1509"]
[BlackElo "1517"]

1. d4 d5 2. c4 dxc4 3. Nf3 e6 4. e3 b5 5. a4 c6 6. axb5 cxb5 7. b3 cxb3 8. Bxb5+
Bd7 9. Qxb3 Bxb5 10. Qxb5+ Nd7 11. O-O g6 12. Ne5 Nf6 13. Bd2 Bd6 14. Nc4 Qe7
15. Qc6 Bxh2+ 16. Kxh2 O-O 17. Qd6 Qxd6+ 18. Nxd6 a6 19. Rc1 h6 20. Rc7 Nb6 21.
Rc6 Nfd5 22. e4 Ne7 23. Rxb6 g5 24. Raxa6 Rxa6 25. Rxa6 f5 26. Nc3 fxe4 27.
Ncxe4 Nd5 28. Ra7 Nf4 29. Bxf4 gxf4 30. Nc5 h5 31. Nxe6 h4 32. Rg7+ Kh8 33. Rg6
f3 34. Nxf8 h3 35. Nf7# 1-0

[Event "Let's Play Chess!"]
[Site "http://www.queenalice.com/game.php?id=738250"]
[Date "2010.2.27"]
[Round "-"]
[White "FranzMeM"]
[Black "LeChacal"]
[Result "0-1"]
[WhiteElo "1356"]
[BlackElo "1370"]

1. e4 e6 2. Nf3 d5 3. d4 dxe4 4. Ne5 Nf6 5. Bg5 h6 6. Bxf6 gxf6 7. Ng4 Nc6 8.
Bb5 Bd7 9. Nc3 a6 10. Nxe4 axb5 11. Ngxf6+ Ke7 12. O-O Bg7 13. Qf3 Nxd4 14. Qd1
Bc6 15. Re1 Bxf6 16. Nxf6 Kxf6 17. c3 Rg8 18. cxd4 Bxg2 19. d5 Bf3+ 20. Kf1 Bxd1
21. Rexd1 exd5 22. b3 Qd6 23. Ke2 Qe5+ 24. Kd2 b4 25. Kc2 Qc3+ 26. Kb1 d4 27.
Rc1 Qd3+ 28. Rc2 Rg1+ 29. Kb2 Rxa1 30. Kxa1 Qxc2 31. f4 Qc1# 0-1

[Event "Let's Play Chess!"]
[Site "http://www.queenalice.com/game.php?id=738251"]
[Date "2010.2.27"]
[Round "-"]
[White "Dunelm"]
[Black "LeChacal"]
[Result "1-0"]
[WhiteElo "1100"]
[BlackElo "1507"]

1. e4 e6 2. d4 d5 3. Nc3 Bb4 4. e5 c5 5. a3 Bxc3+ 6. bxc3 Ne7 7. Bb5+ Bd7 8. Rb1
Qa5 9. Qd3 cxd4 10. Bxd7+ Nxd7 11. Rb5 Qxc3+ 12. Bd2 Qa1+ 13. Ke2 Nxe5 14. Qg3
Nf5 15. Qxe5 d3+ 16. Kxd3 Qxe5 17. Nf3 Qe4+ 18. Kc3 Rc8+ 19. Kb3 1-0

[Event "Let's Play Chess!"]
[Site "http://www.queenalice.com/game.php?id=738252"]
[Date "2010.2.27"]
[Round "-"]
[White "robertson"]
[Black "LeChacal"]
[Result "0-1"]
[WhiteElo "1628"]
[BlackElo "1243"]

1. e4 e6 2. Nf3 d5 3. e5 c5 4. d4 Nc6 5. Bb5 Bd7 6. Qd3 c4 7. Qc3 Bb4 8. Bxc6
Bxc3+ 9. Kd1 Bxc6 10. Nxc3 Ne7 11. Bg5 h6 12. Bxe7 Qxe7 13. Re1 b5 14. a3 a5 15.
Nd2 b4 16. axb4 axb4 17. Rxa8+ Bxa8 18. Ncb1 f6 19. exf6 gxf6 20. f4 Qg7 21. g3
Kf7 22. c3 Rb8 23. cxb4 Bc6 24. Re3 Rxb4 25. Ra3 Rxb2 26. Ra7+ Rb7 27. Ra6 Bd7
28. Nf3 Rxb1+ 29. Ke2 Qg6 30. Ra2 Qd3+ 31. Kf2 Qf1+ 32. Ke3 Rb3+ 0-1